Greyhawk Deity Sudden Death - Statistics

General Stats
  • This quiz has been taken 91 times
  • The average score is 11 of 16
Answers on the Grid
Answers color-coded by a green-red scale on the quiz's grid according to % correct below.
Pelor
Mystra
Hextor
Nerull
Torm
Wee Jas
Pyremius
Takhisis
Set
Celestian
Thor
Ares
Kord
Heironeous
Aslan
Kali
Trithereon
Phyton
Jupiter
Mayaheine
Gozer
Melkor
Incabulos
Syrul
Selune
Wenta
Kratos
Eru Iluvatar
Fharlanghn
Olidammara
 
Answer Stats
Answer % Correct
Pelor
90%
Nerull
86%
Hextor
83%
Wee Jas
83%
Heironeous
79%
Celestian
72%
Incabulos
72%
Kord
72%
Trithereon
69%
Fharlanghn
67%
Olidammara
67%
Mayaheine
64%
Syrul
62%
Phyton
60%
Pyremius
59%
Wenta
38%
No matching quizzes found
Score Distribution
Percent of People with Each Score
Percentile by Number Answered
Your Score History
You have not taken this quiz